00298nam a22000977a 4500008004100000082001100041100004700052245002800099260006400127300000900191260429b |||||||| |||| 00| 0 eng d a001965 aShri Vishvesha Tirtha Samshodhana Kendra,  aVishnutatva Nirnayasara aBengalurubShri Vishvesha Tirtha Samshodhana Kendra, c2023 a288p